Central Library OPAC University of Rajshahi

History of mathematics / (Record no. 68864)

MARC details
000 -LEADER
fixed length control field 00731nam a2200229 a 4500
001 - CONTROL NUMBER
control field 68864
003 - CONTROL NUMBER IDENTIFIER
rucl marc code (BD-RjUL)
005 - DATE AND TIME OF LATEST TRANSACTION
control field 20211209081822.0
008 - FIXED-LENGTH DATA ELEMENTS--GENERAL INFORMATION
fixed length control field 861222m19511923mauach b 000 0 eng c
035 ## - SYSTEM CONTROL NUMBER
System control number (BD-RjUL)69075
040 ## - CATALOGING SOURCE
Original cataloging agency DLC/ICU
Transcribing agency CGU
Modifying agency EQO
-- BD-RjUL
Language of cataloging eng
041 ## - LANGUAGE CODE
Language code of text/sound track or separate title eng
082 ## - DEWEY DECIMAL CLASSIFICATION NUMBER
Edition number 23
Classification number 510.9
Author mark and year SMH 1951
100 1# - MAIN ENTRY--PERSONAL NAME
Personal name Smith, David Eugene,
Dates associated with a name 1860-1944.
9 (RLIN) 204055
245 10 - TITLE STATEMENT
Title History of mathematics /
Statement of responsibility, etc. by David Eugene Smith
260 ## - PUBLICATION, DISTRIBUTION, ETC. (IMPRINT)
Place of publication, distribution, etc. Boston ;
-- New York :
Name of publisher, distributor, etc. Ginn and company,
Date of publication, distribution, etc. c1923 [reprinted 1951]
300 ## - PHYSICAL DESCRIPTION
Pagination v. :
Illustrations ill. ;
Size 22 cm.
504 ## - BIBLIOGRAPHY, ETC. NOTE
Bibliography, etc Includes Bibliography
505 ## - FORMATTED CONTENTS NOTE
Formatted contents note V. 1 -- V. 2 Special topics of elementary mathematics--
650 #0 - SUBJECT ADDED ENTRY--TOPICAL TERM
Topical term or geographic name as entry element Mathematics
General subdivision History.
9 (RLIN) 123612
942 ## - ADDED ENTRY ELEMENTS (KOHA)
Source of classification or shelving scheme Dewey Decimal Classification
Koha item type Books
Holdings
Lost status Source of classification or shelving scheme Damaged status Not for loan Collection code Permanent Location Current Location Shelving location Date acquired Source of acquisition Cost, normal purchase price Total Checkouts Full call number Date last seen Copy number Koha item type
  Dewey Decimal Classification   Not For Loan Non-fiction Central Library, University of Rajshahi Central Library, University of Rajshahi Reading Room 13/11/1965 Zeithinger 22.00   510.9 SMH V-1 1951 06/04/2017 C-1 Books
  Dewey Decimal Classification   Not For Loan Non-fiction Central Library, University of Rajshahi Central Library, University of Rajshahi Reading Room 06/12/1959 Zeitlinger 0.00   510.9 SMH V-2 1958 30/04/2017 C-1 Books